| 000 | 01566nam a22003377a 4500 | ||
|---|---|---|---|
| 999 |
_c29217 _d29188 |
||
| 003 | EG-ScBUE | ||
| 005 | 20210627130021.0 | ||
| 008 | 210627s2019 ua f b 000 0 ara d | ||
| 017 | _a2018/21490 | ||
| 020 | _a9789770488294 | ||
| 040 |
_aEG-ScBUE _bara _erda _cEG-ScBUE _dEG-ScBUE |
||
| 043 |
_af-ua--- _aa-fr--- |
||
| 082 | 0 | 4 |
_a340.56 _bد م ي _222 |
| 100 | 1 |
_aالدمياطي، تامر محمد سليمان، _eمؤلف. |
|
| 245 | 1 | 2 |
_aالتأمين الإجباري من الأضرار الناشئة عن جرائم الإرهاب : _bدراسة تحليلية مقارنة في القانون المصري والفرنسي / _cدكتور تامر محمد الدمياطي، أستاذ مساعد ورئيس قسم القانون المدني بكلية الشرطة. |
| 250 | _aالطبعة الأولى. | ||
| 264 | 1 |
_aالقاهرة : _bدار النهضة العربية، _c2019. |
|
| 300 |
_a135 صفحة ؛ _c24 سم |
||
| 336 |
_2rdacontent _aنص _btxt |
||
| 337 |
_2rdamedia _aبدون وسيط _bn |
||
| 338 |
_2rdacarrier _aمجلد _bnc |
||
| 504 | _aببليوجرافية : ص. 125-130. | ||
| 541 |
_cإهداء ؛ _aد. تامر الدمياطي. |
||
| 650 | 7 |
_aالتأمين الإجباري _zمصر. _2BUEsh |
|
| 650 | 7 |
_aالتأمين الإجباري _zفرنسا. _2BUEsh |
|
| 650 | 7 |
_aالإرهاب _xقوانين وتشريعات _zمصر. _2BUEsh |
|
| 650 | 7 |
_aالإرهاب _xقوانين وتشريعات _zفرنسا. _2BUEsh |
|
| 653 |
_bLLAAWW _cJune2021 |
||
| 655 |
_vReading book _934232 |
||
| 942 | _2ddc | ||